000 00585nam a2200229Ia 4500
003 OSt
005 20220928101636.0
006 a|||||r|||| 00| 0
007 ta
008 220927b |||||||| |||| 00| 0 eng d
024 _a56384
037 _cTextual
040 _aSDCL
_cSDCL
_beng
041 _2eng
_aeng
082 _aO152,3N19x, L4
100 _aAmrita Pritam
_9393141
245 0 _aVeh aadmi veh aurat.
260 _aDelhi
_bRajpal
_c1974
300 _a107p.
_ccm.
942 _hO152,3N19x, L4
_cTEXL
_2CC
999 _c708798
_d708798